[Event "Maresme op 14th"]
[Site "Maresme"]
[Date "2017.10.28"]
[Round "4"]
[White "Granell Jurado, Ferran"]
[Black "Salicru Pages, Francesc Xavier"]
[Result "0-1"]
[WhiteElo "1367"]
[BlackElo "1429"]
[PlyCount "72"]
[EventDate "2017.09.30"]
[EventType "swiss"]
[EventRounds "9"]
[EventCountry "ESP"]
[SourceTitle "CBM 181 Extra"]
[Source "ChessBase"]
[SourceDate "2017.12.12"]
[SourceVersion "1"]
[SourceVersionDate "2017.12.12"]
[SourceQuality "1"]

1. d4 b6 2. c4 Bb7 3. Nc3 e6 4. e3 g6 5. Bd3 Bxg2 6. Be4 Bxh1 7. Bxh1 c6 8. Bd2 Bg7 9. Qc2 d5 10. Qa4 Qd7 11. 0-0-0 Ne7 12. Nge2 dxc4 13. Qxc4 0-0 14. e4 b5 15. Qd3 Na6 16. a3 Rad8 17. Be3 e5 18. d5 cxd5 19. exd5 Rc8 20. Kb1 Nf5 21. Nxb5 Nxe3 22. fxe3 Nc5 23. Qc4 e4 24. Ng3 Nd3 25. Qb3 Rb8 26. a4 a6 27. Nxe4 Nxb2 28. Nc5 Qf5+ 29. Be4 Qg4 30. Rd2 axb5 31. axb5 Rfc8 32. Qb4 Rxc5 33. Qxc5 Qxe4+ 34. Rc2 Nd3 35. Qc7 Qb4+ 36. Ka2 Ra8+ 0-1

[Event "Mataro op 11th"]
[Site "Mataro"]
[Date "2014.11.15"]
[Round "8"]
[White "Olive Alier, Tomas"]
[Black "Salicru Pages, Francesc Xavier"]
[Result "1-0"]
[WhiteElo "1885"]
[BlackElo "1746"]
[PlyCount "119"]
[EventDate "2014.09.27"]
[EventType "swiss"]
[EventRounds "9"]
[EventCountry "ESP"]
[SourceTitle "EXT 2016"]
[Source "ChessBase"]
[SourceDate "2015.10.08"]
[SourceVersion "1"]
[SourceVersionDate "2015.10.08"]
[SourceQuality "1"]

1. d4 b6 2. c4 Bb7 3. Nc3 e6 4. a3 g6 5. e4 d6 6. Nf3 Bg7 7. Bg5 Ne7 8. Be2 Nd7 9. 0-0 Nf6 10. h3 Nxe4 11. Nxe4 Bxe4 12. Nd2 Bb7 13. Nb3 Qd7 14. Qd3 Qc6 15. Bf3 d5 16. Rac1 Qd7 17. c5 f6 18. Bd2 a5 19. Rfe1 0-0 20. Bf4 Nf5 21. cxb6 cxb6 22. Rc7 Ba6 23. Rxd7 Bxd3 24. Rxe6 Bc4 25. Rxb6 Rfe8 26. Rbb7 Bxb3 27. Rxb3 Nxd4 28. Bxd5+ Kh8 29. Re3 Rac8 30. Kh2 g5 31. Bc7 Nf5 32. Rxe8+ Rxe8 33. Bxa5 h5 34. Bf7 Re2 35. Bg6 Nh6 36. Rd8+ Ng8 37. Bf7 Re7 38. Bxg8 Bh6 39. Bc3 Kg7 40. Bc4 g4 41. h4 Re4 42. Rd7+ Kf8 43. Bb3 Ke8 44. Rf7 Bf4+ 45. g3 Be5 46. Bxe5 fxe5 47. Rf5 Re2 48. Bf7+ Ke7 49. Bxh5 Re4 50. Kg2 Ke6 51. Rg5 Rd4 52. Bxg4+ Kf6 53. Rf5+ Kg6 54. Rg5+ Kf6 55. Bh5 e4 56. Rg8 Rd2 57. Re8 Kf5 58. b3 Rd3 59. Bf7 Kf6 60. Bc4 1-0